Star Trek: The Next Generation Characters (Hard) - Statistics

General Stats
  • This quiz has been taken 61 times
  • The average score is 20 of 36
Answer Stats
Answer Hint # of episodes % Correct
Captain Jean-Luc Picard Captain of the Enterprise D 176
100%
Commander William Riker First officer whom the captain calls "Number One" 176
100%
Counselor Deanna Troi Ship's counselor with empathic powers 176
100%
Lieutenant Commander Data Second officer who is "designed to exceed human capacity, both mentally and physically." 176
100%
Dr. Beverly Crusher Ship's doctor 154
98%
Lieutenant Commander Geordi La Forge Helm officer promoted to chief engineer 176
96%
Lieutenant Worf Security chief who is a Klingon ... "if you doubt it, a demonstration can be arranged." 176
96%
Q Appears in the first and last episode, and many in between: "It's difficult working in a group when you're omnipotent." 8
94%
Wesley Crusher Son of the doctor, he becomes an acting ensign at age 15 (first name) 86
94%
Chief Miles O'Brien Most frequently seen transporter chief 52
90%
Guinan She tends bar, and she listens. 28
87%
Alexander Rozhenko He insists to his father: "I don't want to be a warrior!" 8
79%
Ensign Ro Laren Ensign who, unlike "most Bajora these days," does not accept the distortion of her name 8
79%
Lieutenant Tasha Yar Original security chief who recorded: "No goodbyes. Just good memories." 25
79%
Lore The self-avowed "evil brother" of the Enterprise second officer 4
73%
Keiko Ishikawa O'Brien Botanist and wife of the transporter chief (first or maiden name) 8
71%
Dr. Katherine Pulaski Newly assigned ship's doctor whom the Captain attempts to chastise within her first few hours 20
69%
Lieutenant Reginald Barclay Imaginiative engineer with an affinity for the holodeck ... and an aversion toward the transporter 5
65%
Lwaxana Troi Daughter of the Fifth House of Betazed; Holder of the Sacred Chalice of Rixx (first name) 6
63%
Nurse Alyssa Ogawa A senior member of the sickbay staff 16
50%
Gowron Leader of the Klingon High Council who asks Kahless, "What color... were his eyes?!" 4
48%
The Traveler Alien from Tau Alpha C: "Somehow he combined warp technology and the energy from his own thoughts." 3
38%
Lursa Elder sister of the House of Duras 3
37%
B'Etor Younger sister of the House of Duras 3
35%
Mot Ship's barber 3
33%
Mr. Homn Tall, strong, silent valet of the above 5
33%
Jack Crusher In a recording, he hopes his son will follow in his footsteps. As a vision, he states "Don't follow me any further." (first name) 3
29%
Commander Sela Romulan who looks amazingly like a former Enterprise crew member 3
27%
Commander Tomalak Frequent Romulan adversary 3
25%
Admiral Alynna Nechayev Admiral with whom the captain attempts to relieve the "tension" 4
15%
Commander Kurn He informs his brother, "I did not know that being polite to a Starfleet officer would bring dishonor on him." 3
13%
Transporter Chief Maggie Hubbell Transporter chief whose last name (listed only in credits) sounds like an American astronomer ... or guess her first name (stated once in the DS9 pilot) 5
8%
Admiral Nakamura Admiral whose appearances span seasons 2 to 7 ... he scathingly offered to send a "tow ship" to bring the crew to his banquet 3
6%
Ensign McKnight She pilots the Enterprise away from several dangers: the Paxans of the T-Tauri system, a dark matter nebula, and a cloaked Romulan ship 3
6%
Madeline Originally unnamed, her first line is, "Very funny, Dix. What'd you do, lose another bet?" 3
6%
Ensign Sariel Rager Riker saves this ensign when they're both kidnapped. She saves the Enterprise by rotating it 90 degrees to escape the Dyson Sphere. 4
0%
No matching quizzes found
Score Distribution
Percent of People with Each Score
Percentile by Number Answered
Your Score History
You have not taken this quiz